Secuencia Didácticas: Aprendizaje y Evaluación de Competencia

Bibliographic Details
Main Authors: Toban Toban, Sergio, Pimienta Prieto, Julio H., García Fraile, Juan Antonio
Format: Section = Libro
Language:Undetermined
Spanish
Published: México Pearson 2010
Subjects:
LEADER 00666nam a2200229Ia 4500
008 241007s9999||||xx |||||||||||||| ||und||
020 |a 978-607-442-909-1 
040 |a BIBLIOTECA-RURC/ 378 T629 
041 |a spa 
082 |a 378 T629 
100 1 |a Toban Toban, Sergio 
100 1 |b Pimienta Prieto, Julio H. 
100 1 |c García Fraile, Juan Antonio 
245 1 0 |a Secuencia Didácticas: Aprendizaje y Evaluación de Competencia 
260 |a México  |b Pearson  |c 2010 
300 |a 196 p. :il. 
650 7 |a EDUCACIÓN HUMANIDADES 
650 7 |b  FORMACIÓN DE COMPETENCIAS 
650 7 |c  SECUENCIAS DIDACTICAS 
942 |c BK  |2 ddc 
991 |a TEXTO 
999 |c 14315